00837nam a22002057a 4500001000700000003000800007005001700015008004100032035002000073040002600093041000800119082002800127100007200155245014400227260008500371300001900456942001200475999001700487952012700504 84624BD-RjUL20250129143657.0250129s1952 le ||||| |||| 00| 0 ara d a(BD-RjUL) 84624 aBD-RjULbengcBD-RjUL aara 223a892.7107bBAH 1952 aالباجوری ٫ ابراہیم ;; Al-Bajouri, Ibrahim914863 aحاشیہ الباجوری علی البردہ ;; haashiya albajuri ali albardah /cابراہیم الباجوری ;; Ibrahim Al-Bajouri aمصر: bمکتبہ و مطبع محمد علی صبیح واولادہ, c1952 a80 p. ;c27 cm 2ddccBK c84624d84624 00102ddc40718NFICaRUCLbRUCLcReadingd2025-01-29l0oA 892.7107 BAH 1952r2025-01-29 00:00:00tC- 1w2025-01-29yBK